A study on rutting behaviour of compacted subgrade in paymen (Record no. 138427)
[ view plain ]
| 000 -LEADER | |
|---|---|
| fixed length control field | 00330nam a2200097Ia 4500 |
| 008 - FIXED-LENGTH DATA ELEMENTS--GENERAL INFORMATION | |
| fixed length control field | 220120s9999||||xx |||||||||||||| ||und|| |
| 100 ## - MAIN ENTRY--PERSONAL NAME | |
| Personal name | Darshan Kanchan and Sushmitha |
| 9 (RLIN) | 12827 |
| 245 #2 - TITLE STATEMENT | |
| Title | A study on rutting behaviour of compacted subgrade in paymen |
| 260 ## - PUBLICATION, DISTRIBUTION, ETC. | |
| Place of publication, distribution, etc. | Coorg Institute of Technology |
| Name of publisher, distributor, etc. | Ponnampet |
| Date of publication, distribution, etc. | 2020 |
| 650 ## - SUBJECT ADDED ENTRY--TOPICAL TERM | |
| Topical term or geographic name entry element | MECHANICAL |
| Withdrawn status | Lost status | Damaged status | Not for loan | Home library | Current library | Date acquired | Full call number | Barcode | Date last seen | Price effective from | Koha item type |
|---|---|---|---|---|---|---|---|---|---|---|---|
| Central Library | Central Library | 01/20/2022 | 620 DAR | PR818 | 01/20/2022 | 01/20/2022 | Project Reports |